Halloween howl / (Record no. 9188)

MARC details
000 -LEADER
fixed length control field 01274cam a22003257a 4500
001 - CONTROL NUMBER
control field 9188
003 - CONTROL NUMBER IDENTIFIER
control field FISKH
005 - DATE AND TIME OF LATEST TRANSACTION
control field 20251128085848.0
008 - FIXED-LENGTH DATA ELEMENTS--GENERAL INFORMATION
fixed length control field 040504s2003 nyua 000 0 eng
010 ## - LIBRARY OF CONGRESS CONTROL NUMBER
LC control number 2004273617
020 ## - INTERNATIONAL STANDARD BOOK NUMBER
International Standard Book Number 0439583535
020 ## - INTERNATIONAL STANDARD BOOK NUMBER
International Standard Book Number 9780439583534
040 ## - CATALOGING SOURCE
Original cataloging agency DLC
Transcribing agency DLC
Modifying agency DLC
Language of cataloging eng
050 ## - LIBRARY OF CONGRESS CALL NUMBER
Classification number PZ7.H4315 H
082 ## - DEWEY DECIMAL CLASSIFICATION NUMBER
Classification number 813
100 1# - MAIN ENTRY--PERSONAL NAME
Personal name Herman, Gail,
Dates associated with a name 1959-
245 10 - TITLE STATEMENT
Title Halloween howl /
Statement of responsibility, etc. adapted by Gail Herman from the television script "The monster in 3-B" by Suzanne Collins ; based on the Scholastic book series "Clifford The big red dog" by Norman Bridwell ; illustrated by Barry Goldberg.
260 ## - PUBLICATION, DISTRIBUTION, ETC.
Place of publication, distribution, etc. New York :
Name of publisher, distributor, etc. Scholastic,
Date of publication, distribution, etc. 2003.
300 ## - PHYSICAL DESCRIPTION
Extent 24 unnumbered pages :
Other physical details color illustrations ;
Dimensions 21 cm
490 0# - SERIES STATEMENT
Series statement Clifford's puppy days
505 ## - FORMATTED CONTENTS NOTE
Formatted contents note E<br/>
520 ## - SUMMARY, ETC.
Summary, etc. On Clifford's first Halloween, he and his friends decide the mysterious howling coming from the new neighbor's apartment is a monster.
521 8# - TARGET AUDIENCE NOTE
Target audience note 230<br/>
Source Lexile estimate<br/>
521 8# - TARGET AUDIENCE NOTE
Target audience note E<br/>
Source Raz-Plus<br/>
650 ## - SUBJECT ADDED ENTRY--TOPICAL TERM
Topical term or geographic name entry element Clifford
Form subdivision Halloween
General subdivision picture book
856 42 - ELECTRONIC LOCATION AND ACCESS
Materials specified Publisher description
Uniform Resource Identifier <a href="http://www.loc.gov/catdir/enhancements/fy1115/2004273617-d.html">http://www.loc.gov/catdir/enhancements/fy1115/2004273617-d.html</a>
906 ## - LOCAL DATA ELEMENT F, LDF (RLIN)
a 7
b cbc
c orignew
d 4
e ncip
f 20
g y-gencatlg
942 ## - ADDED ENTRY ELEMENTS (KOHA)
Source of classification or shelving scheme Dewey Decimal Classification
Koha item type Books
Suppress in OPAC No
Holdings
Withdrawn status Lost status Source of classification or shelving scheme Damaged status Not for loan Collection Home library Current library Shelving location Date acquired Total Checkouts Full call number Barcode Date last seen Copy number Price effective from Koha item type
    Dewey Decimal Classification     Juvenile Fiction Footprints International School Library Network Toul Tom Poung Campus Footprints International School Library Network Toul Tom Poung Campus TTP Primary Green Bookshelves 11/28/2025   HER 813 PZ7.H4315 H FISTK03854 11/28/2025 1 11/28/2025 Books